000 00513cam a2200145 4500500
005 20251012012742.0
041 _afre
042 _adc
100 1 0 _aKacem, Mehdi Belhaj
_eauthor
245 0 0 _aQuand l’ani-Mal sort de sa tanière
260 _c2018.
500 _a10
786 0 _nPhilosophie magazine - Hors séries | Hors-série Pritemps 2018 | HS37 | 2018-04-01 | p. 18-18 | 2104-9246
856 4 1 _uhttps://shs.cairn.info/magazine-philosophie-magazine-2018-hs37-page-18?lang=fr&redirect-ssocas=7080
999 _c1527846
_d1527846